[Event "Torino Province-ch"]
[Site "Torino"]
[Date "2012.03.20"]
[Round "5"]
[White "Ravazzolo, Gildo"]
[Black "Gastaldi, Franco"]
[Result "1-0"]
[WhiteElo "1702"]
[BlackElo "1566"]
[PlyCount "53"]
[EventDate "2012.02.21"]
[EventType "swiss"]
[EventRounds "7"]
[EventCountry "ITA"]
[SourceTitle "EXT 2015"]
[Source "ChessBase"]
[SourceDate "2014.11.20"]
[SourceVersion "1"]
[SourceVersionDate "2014.11.20"]
[SourceQuality "1"]

1. Nf3 d5 2. d4 Nf6 3. Bf4 e6 4. e3 Bd6 5. Ne5 a6 6. Nd2 c5 7. dxc5 Bxc5 8. Nb3 Bd6 9. Be2 Nbd7 10. Nxf7 Bb4+ 11. c3 Bxc3+ 12. bxc3 Kxf7 13. 0-0 b5 14. Bg5 h6 15. Bh4 g5 16. Bg3 Ne4 17. Bh5+ Kg7 18. Qc2 Ndf6 19. Be5 Kf8 20. f3 Nd6 21. Qg6 Nxh5 22. Bxh8 Qe8 23. Qxh6+ Ke7 24. Qxg5+ Kd7 25. Bd4 Nf5 26. g4 Nxd4 27. Nxd4 1-0

[Event "Torino Province-ch"]
[Site "Torino"]
[Date "2012.02.28"]
[Round "2"]
[White "Barbonese, Roberto"]
[Black "Ravazzolo, Gildo"]
[Result "0-1"]
[WhiteElo "1302"]
[BlackElo "1702"]
[PlyCount "89"]
[EventDate "2012.02.21"]
[EventType "swiss"]
[EventRounds "7"]
[EventCountry "ITA"]
[SourceTitle "EXT 2015"]
[Source "ChessBase"]
[SourceDate "2014.11.20"]
[SourceVersion "1"]
[SourceVersionDate "2014.11.20"]
[SourceQuality "1"]

1. e4 c5 2. Bc4 Nc6 3. a3 Nf6 4. d3 d6 5. Nc3 e6 6. Be3 Be7 7. Nge2 a6 8. h3 b5 9. Bb3 0-0 10. Qd2 Qb6 11. d4 Na5 12. Ba2 Nc4 13. Bxc4 bxc4 14. Na4 Qc6 15. f3 Qxa4 16. Nc3 Qc6 17. d5 exd5 18. exd5 Qb7 19. Rc1 Bf5 20. g4 Bg6 21. h4 h6 22. g5 Nh5 23. gxh6 Bf6 24. hxg7 Bxg7 25. Kf2 Qd7 26. Ne4 Rab8 27. c3 Rbe8 28. Rhg1 Bxe4 29. fxe4 Rxe4 30. Rg5 Re5 31. Rxe5 dxe5 32. Bxc5 Qf5+ 33. Kg1 Rd8 34. Be7 Rd7 35. d6 Ng3 36. Kh2 Nf1+ 37. Rxf1 Qxf1 38. Qd5 Qf2+ 39. Kh3 Qe3+ 40. Kh2 e4 41. Qxc4 Be5+ 42. Kg2 Qg3+ 43. Kf1 Qd3+ 44. Qxd3 exd3 45. c4 0-1

[Event "Condino op"]
[Site "Condino"]
[Date "2009.07.29"]
[Round "4"]
[White "Frugoni, Giulio"]
[Black "Ravazzolo, Gildo"]
[Result "0-1"]
[WhiteElo "1753"]
[BlackElo "1503"]
[PlyCount "98"]
[EventDate "2009.07.27"]
[EventType "swiss"]
[EventRounds "7"]
[EventCountry "ITA"]
[SourceTitle "CBM 131 Extra"]
[Source "ChessBase"]
[SourceDate "2009.09.03"]
[SourceVersion "2"]
[SourceVersionDate "2009.09.16"]
[SourceQuality "1"]

1. Nf3 d5 2. d4 c6 3. Bf4 Nf6 4. e3 Bf5 5. c4 e6 6. a3 h6 7. Nc3 Nbd7 8. Be2 Nh5 9. Bg3 Nxg3 10. fxg3 Nb6 11. Qb3 dxc4 12. Bxc4 Nxc4 13. Qxc4 Be7 14. 0-0 0-0 15. Ne5 Bg5 16. Rae1 Qe7 17. b4 Rac8 18. Nf3 Bf6 19. e4 Bg4 20. e5 Bg5 21. h4 Bxf3 22. hxg5 Bd5 23. Qe2 Qxg5 24. Qf2 Bc4 25. Ne2 Rcd8 26. Qf4 Qg6 27. Rf3 Bd5 28. Rc3 f6 29. Rcc1 f5 30. Nc3 Rc8 31. Nxd5 cxd5 32. Rc5 b6 33. Rxc8 Rxc8 34. Rc1 Qe8 35. Qe3 Rc4 36. Qd2 Qc6 37. Rxc4 dxc4 38. Qc3 b5 39. Kf2 Kf7 40. Qf3 Qxf3+ 41. gxf3 g5 42. Ke2 h5 43. Ke3 h4 44. f4 h3 45. d5 exd5 46. fxg5 h2 47. Kf4 h1Q 48. e6+ Kxe6 49. g6 Qh6+ 0-1

[Event "Savigliano op"]
[Site "Savigliano"]
[Date "2009.05.30"]
[Round "4"]
[White "Roversi, Stefano"]
[Black "Ravazzolo, Gildo"]
[Result "1-0"]
[WhiteElo "1871"]
[BlackElo "1479"]
[PlyCount "65"]
[EventDate "2009.05.28"]
[EventType "swiss"]
[EventRounds "6"]
[EventCountry "ITA"]
[SourceTitle "CBM 130 Extra"]
[Source "ChessBase"]
[SourceDate "2009.07.02"]
[SourceVersion "2"]
[SourceVersionDate "2009.07.15"]
[SourceQuality "1"]

1. e4 g6 2. d4 Bg7 3. Nf3 d6 4. Bd3 Nf6 5. h3 0-0 6. 0-0 c6 7. Be3 b5 8. Qd2 Nbd7 9. Bh6 e5 10. Bxg7 Kxg7 11. Nc3 Bb7 12. d5 cxd5 13. exd5 b4 14. Ne4 Nxe4 15. Bxe4 Nf6 16. Qxb4 Bxd5 17. Bxd5 Nxd5 18. Qd2 Nf4 19. Rad1 Rc8 20. c3 Qa5 21. Qxd6 Rfe8 22. Rfe1 Rcd8 23. Qc6 Re6 24. Qb7 Rxd1 25. Rxd1 Qxa2 26. Ng5 Rb6 27. Qe7 Rf6 28. Qxe5 Nd3 29. Qd4 Nf4 30. Re1 Qxb2 31. Nxh7 Ne2+ 32. Rxe2 Qxe2 33. Nxf6 1-0